MARC details
| 000 -CABECERA |
| campo de control de longitud fija |
01646nam a2200313 i 4500 |
| 003 - IDENTIFICADOR DEL NÚMERO DE CONTROL |
| campo de control |
DO-SdBNP |
| 005 - FECHA Y HORA DE LA ÚLTIMA TRANSACCIÓN |
| campo de control |
20250319094828.0 |
| 007 - CAMPO FIJO DE DESCRIPCIÓN FÍSICA--INFORMACIÓN GENERAL |
| campo de control de longitud fija |
ta |
| 008 - DATOS DE LONGITUD FIJA--INFORMACIÓN GENERAL |
| campo de control de longitud fija |
130412s1994 dr 000 0 spa d |
| 040 ## - FUENTE DE LA CATALOGACIÓN |
| Centro catalogador/agencia de origen |
DO-SdBNP |
| Lengua de catalogación |
spa |
| Centro/agencia transcriptor |
BNPHU |
| Normas de descripción |
rda |
| 082 #4 - NÚMERO DE LA CLASIFICACIÓN DECIMAL DEWEY |
| Número de clasificación |
346.07 |
| Número de documento/Ítem |
G633d, 1994 |
| Número de edición |
22 |
| 100 1# - ENTRADA PRINCIPAL--NOMBRE DE PERSONA |
| Nombre de persona |
Gómez, Manuel Ubaldo, |
| Fechas asociadas al nombre |
1892-1951. |
| 9 (RLIN) |
19596 |
| Código de función/relación |
aut. |
| Término indicativo de función/relación |
autor |
| Forma completa/desarrollada del nombre |
Manuel Ubaldo Gómez, Hijo |
| 245 10 - MENCIÓN DE TÍTULO |
| Título |
Derecho comercial / |
| Mención de responsabilidad, etc. |
Manuel Ubaldo Gómez Hijo ; dirigida por, Raymundo Amaro Guzmán |
| 250 ## - MENCIÓN DE EDICIÓN |
| Mención de edición |
cuarta edición |
| 264 #4 - PRODUCCIÓN, PUBLICACIÓN, DISTRIBUCIÓN, FABRICACIÓN Y COPYRIGHT |
| Producción, publicación, distribución, fabricación y copyright |
Santo Domingo : |
| Nombre del de productor, editor, distribuidor, fabricante |
Editorial Tiempo, |
| Fecha de producción, publicación, distribución, fabricación o copyright |
©1994. |
| 300 ## - DESCRIPCIÓN FÍSICA |
| Extensión |
volumenes ; |
| Dimensiones |
21 cm. |
| 336 ## - TIPO DE CONTENIDO |
| Término de tipo de contenido |
texto |
| Código de tipo de contenido |
txt |
| Fuente |
rdacontent |
| 337 ## - TIPO DE MEDIO |
| Nombre/término del tipo de medio |
sin mediación |
| Código del tipo de medio |
n |
| Fuente |
rdamedia |
| 338 ## - TIPO DE SOPORTE |
| Nombre/término del tipo de soporte |
volumen |
| Código del tipo de soporte |
nc |
| Fuente |
rdacarrier |
| 490 ## - MENCIÓN DE SERIE |
| Mención de serie |
Estudios jurídicos |
| Designación de volumen o secuencia |
2 |
| 500 ## - NOTA GENERAL |
| Nota general |
Incluye referencias bibliográficas y notas al pie de las páginas |
| 500 ## - NOTA GENERAL |
| Nota general |
La biblioteca posee el v.1 |
| 505 ## - NOTA DE CONTENIDO CON FORMATO |
| Nota de contenido con formato |
Introducción-- |
| Título |
Actos de comercio y comerciantes -- |
| -- |
Capacidad para ser comerciante -- |
| -- |
Obligaciones especiales de los comerciantes -- |
| -- |
Sociedades comerciales -- |
| -- |
Principios y reglas comunes a las sociedades comerciales -- |
| -- |
Sociedades por interés -- |
| -- |
Sociedades por acciones -- |
| -- |
Reglas de funcionamiento y órganos sociales -- |
| -- |
Características de algunas sociedades -- |
| -- |
Contratos comerciales -- |
| -- |
La venta comercial -- |
| -- |
La prenda comercial -- |
| -- |
Teoría de comisión -- |
| -- |
El transporte -- |
| -- |
Efectos de comercio -- |
| -- |
Pagarés a la orden / |
| 590 ## - NOTA LOCAL (RLIN) |
| Nota local |
Inventariado, 2023/ YL |
| 650 #4 - PUNTO DE ACCESO ADICIONAL DE MATERIA--TÉRMINO DE MATERIA |
| Término de materia o nombre geográfico como elemento de entrada |
Derecho comercial |
| Subdivisión geográfica |
República Dominicana |
| 9 (RLIN) |
14449 |
| 700 1# - PUNTO DE ACCESO ADICIONAL--NOMBRE DE PERSONA |
| Nombre de persona |
Guzmán, Raymundo Amaro, |
| Término indicativo de función/relación |
dirección |
| 9 (RLIN) |
83025 |
| 910 ## - DATOS DE OPCIÓN DEL USUARIO (OCLC) |
| Datos de opción del usuario |
YLockward |
| 942 ## - ELEMENTOS DE PUNTO DE ACCESO ADICIONAL (KOHA) |
| Fuente del sistema de clasificación o colocación |
Dewey Decimal Classification |
| Tipo de ítem Koha |
Libro |